BIBLIOTECA

SENCICO

Topografía / (Registro nro. 486)

Detalles MARC
000 -LEADER
fixed length control field 00855nam a2200241Ia 4500
003 - CONTROL NUMBER IDENTIFIER
control field PE SENCICO BE
005 - DATE AND TIME OF LATEST TRANSACTION
control field 20251020182439.0
008 - FIXED-LENGTH DATA ELEMENTS--GENERAL INFORMATION
fixed length control field 200515s9999 xx 000 0 und d
040 ## - CATALOGING SOURCE
Original cataloging agency PE SENCICO BE
Transcribing agency PE SENCICO BE
041 ## - LANGUAGE CODE
Language code of text/sound track or separate title spa
082 ## - DEWEY DECIMAL CLASSIFICATION NUMBER
Classification number 526.9
Item number M77R 1969
100 1# - MAIN ENTRY--PERSONAL NAME
Personal name Montes de Oca, Miguel
9 (RLIN) 3244
Relator term autor
245 10 - TITLE STATEMENT
Title Topografía /
Statement of responsibility, etc. Miguel Montes de Oca
250 ## - EDITION STATEMENT
Edition statement 4a ed.
260 ## - PUBLICATION, DISTRIBUTION, ETC.
Place of publication, distribution, etc. México, D.F. :
Name of publisher, distributor, etc. Representaciones y Servicios de Ingeniería,
Date of publication, distribution, etc. 1976
300 ## - PHYSICAL DESCRIPTION
Extent 343 páginas :
Other physical details ilustraciones, tablas, gráficos, mapas ;
Dimensions 23 cm.
504 ## - BIBLIOGRAPHY, ETC. NOTE
Bibliography, etc. note Bibliografía: p. 343.
505 0# - FORMATTED CONTENTS NOTE
Formatted contents note Planimetría -- Altimetría o control vertical -- Planimetría y altimetría simultáneas -- Orientaciones astronómicas
650 10 - SUBJECT ADDED ENTRY--TOPICAL TERM
Topical term or geographic name entry element Topografía
9 (RLIN) 4
650 20 - SUBJECT ADDED ENTRY--TOPICAL TERM
Topical term or geographic name entry element Planimetría
9 (RLIN) 1232
650 20 - SUBJECT ADDED ENTRY--TOPICAL TERM
Topical term or geographic name entry element Altimetría
9 (RLIN) 3228
942 ## - ADDED ENTRY ELEMENTS (KOHA)
Koha item type Libros
Source of classification or shelving scheme Dewey Decimal Classification
Existencias
Fecha de la última vez que lo usaron Número de ingreso o de inventario Pago total Signatura topográfica completa Código de barras Precio efectivo desde Tipo de documento Estado perdido Sistema de clasificación Estado dañado No es para préstamo Retirado Ubicación permanente Ubicación actual Fecha de adquisición
15/05/2020 196   526.9/M77R BibLima25070063 15/05/2020 Libros   Dewey Decimal Classification       Biblioteca Central Lima Biblioteca Central Lima 15/05/2020